| 000 | 00900nam a2200181Ia 4500 | ||
|---|---|---|---|
| 008 | 191130s2009##################000#0#tam## | ||
| 040 |
_aACL _cACL |
||
| 082 | _a345.0253 VEN | ||
| 100 | _aவேங்கடாசலம் | ||
| 245 |
_aபெண்களுக்குத் தொல்லை கொடுத்தல் தடுப்புச் சட்டம், 1998 : தமிழ்நாடு சட்டம், 39/2002 = The Tamilnadu probihition of harassment of Women Act, 1998 : Tamil Nadu act 39 of 2002 _cசட்டத் தமிழ் அறிஞர் புலமை வேங்கடாசலம் |
||
| 260 |
_aSalem _bGiri Law House _c2009 |
||
| 300 | _a53 p. | ||
| 500 | _aமுதல் பதிப்பு 2006 | ||
| 650 | _aசட்டம் | ||
| 990 | _ad2e4237dac10000c3fa75af0e42aec3a | ||
| 991 | _a9156 | ||
| 999 |
_c333136 _d333136 |
||